000 00239nmm a2200085Ia 4500
008 220120s9999||||xx |||||||||||||||||und||
100 _aPC QUEST
_910676
245 0 _aLinux to the rescue; 20 best of breed smartphone management
260 _c2013
999 _c139873
_d139873